|
|
|
|
| LEADER |
00000nam0a2200000 4500 |
| 001 |
349440 |
| 005 |
20231102010214.0 |
| 035 |
|
|
|a (RuTPU)RU\TPU\retro\1646
|
| 035 |
|
|
|a RU\TPU\book\253104
|
| 090 |
|
|
|a 349440
|
| 100 |
|
|
|a 20180512d1954 km y0rusy50 ca
|
| 101 |
0 |
|
|a rus
|
| 102 |
|
|
|a RU
|
| 105 |
|
|
|a a z 001zy
|
| 200 |
1 |
|
|a Химическая технология угля
|f А. А. Агроскин
|
| 210 |
|
|
|a Москва
|c Углетехиздат
|d 1954
|
| 215 |
|
|
|a 252 с.
|c ил.
|
| 320 |
|
|
|a Библиография в конце глав
|
| 606 |
1 |
|
|a Угли ископаемые
|x Химия
|2 stltpush
|3 (RuTPU)RU\TPU\subj\33151
|9 55473
|
| 610 |
1 |
|
|a технология
|
| 610 |
1 |
|
|a происхождение
|
| 610 |
1 |
|
|a классификация
|
| 610 |
1 |
|
|a органическая масса
|
| 610 |
1 |
|
|a окисление
|
| 610 |
1 |
|
|a самовозгорание
|
| 610 |
1 |
|
|a термическое разложение
|
| 610 |
1 |
|
|a коксование
|
| 610 |
1 |
|
|a газификация
|
| 610 |
1 |
|
|a гидрогенизация
|
| 675 |
|
|
|a 662.66(075.8)
|v 3
|
| 675 |
|
|
|a 662.74(075.8)
|v 3
|
| 700 |
|
1 |
|a Агроскин
|b А. А.
|g Абрам Абрамович
|
| 801 |
|
1 |
|a RU
|b 63413507
|c 20130207
|
| 801 |
|
2 |
|a RU
|b 63413507
|c 20180517
|g RCR
|
| 942 |
|
|
|c BK
|